000 00840aam a2200301 i 4500
001 768714001
003 CO-MdFUSB
005 20250828165935.0
007 ta
008 250828t1982 -us |||| |||| 00| 0 eng d
040 _cCO-MdFUSB
041 0 _aeng
082 0 4 _223
_a248.86
_bP358h
100 1 _aPeale, Norman Vincent (1898-)
_eautor
245 1 0 _aHow to cope with ten of life's toughest problems
_c/ Norman Vincent Peale
264 1 _bGuideposts Associates,
_aCarmel, New York, USA :
_c[1982]
264 4 _c©1982
300 _a58 páginas
336 _atexto
_btxt
_2rdacontent
337 _2rdamedia
_asin mediación
_bn
338 _2rdacarrier
_avolumen
_bnc
563 _aRústico
650 0 _aVida cristiana
_919
653 _aProblemas emocionales
942 _cBK
945 _aJTF-925
999 _c36236
_d36236